00345nam a2200133Ia 4500003000400000008004100004020002200045040000800067100002200075245004600097250000900143260004900152300001000201LDD181101s9999 xx 000 0 und d a8171600913c90.00 cLDD aHaq, Maulvi Abdul 0aIntekhab-e kalam-e-MeercMaulvi Abdul Haq a28th aNew DelhibAnjuman Taraqqi Urdu (Hind)c2015 a226p.